Bang and Blame: REM lyrics - Statistics

General Stats
  • This quiz has been taken 11 times
  • The average score is 104 of 171
Answer Stats
Lyrics % Correct
a
100%
and
100%
bang
100%
bang x 5
100%
blame
100%
blame x 3
100%
go
100%
I
100%
it
100%
it's
100%
let
100%
my
100%
no
100%
not
100%
so
100%
then
100%
you
100%
me
88%
thing
88%
your
88%
If
75%
if
75%
in
75%
on
75%
the
75%
to
75%
but
63%
could
63%
of
63%
see
63%
tell
63%
you're
63%
be
50%
every
50%
have
50%
I've
50%
know
50%
now
50%
this
50%
too
50%
tug
50%
who
50%
all
38%
as
38%
baby
38%
does
38%
don't
38%
going
38%
got
38%
just
38%
kiss
38%
number
38%
one
38%
stop
38%
yourself
38%
control
25%
fault
25%
leave
25%
or
25%
right
25%
rub
25%
tables
25%
that's
25%
turn
25%
turned
25%
well
25%
you've
25%
cross
13%
dares
13%
finger
13%
hit
13%
I'd
13%
jump
13%
life
13%
point
13%
roll
13%
secret
13%
take
13%
threshold
13%
used
13%
whole
13%
world
13%
beat
0%
discretions
0%
happens
0%
hinges
0%
indiscreet
0%
laying
0%
little
0%
over
0%
screen
0%
screw
0%
swings
0%
way
0%
worry
0%
No matching quizzes found
Score Distribution
Percent of People with Each Score
Percentile by Number Answered
Your Score History
You have not taken this quiz